000 00439nam a2200193Ia 4500
008 170918s9999 xx 000 0 und d
020 _a9780545109604
050 _bK591 2007
100 _aKirk, Daniel
245 _aLibrary mouse /
245 _cDaniel Kirk.
260 _aNew York :
260 _bScholastic,
260 _c2007
300 _aunpaged :
300 _bcolored illustration ;
300 _c27cm.
500 _a830
999 _c342166
_d342166